Správanie vodcov vo vybranom podniku diplomová práca

Guardado en:
Detalles Bibliográficos
Autor principal: Černušáková, Katarína
Autor Corporativo: Fakulta podnikového manažmentu EU. Katedra manažmentu
Otros Autores: Ljudvigová, Ivana
Formato: Libro
Lenguaje:eslovaco
Publicado: Bratislava 2019
Etiquetas: Agregar Etiqueta
Sin Etiquetas, Sea el primero en etiquetar este registro!

MARC

LEADER 00000nbm a2200000 4500
001 0255613
005 20191119130825.8
041 0 |a slo 
044 |a SK 
245 1 0 |a Správanie vodcov vo vybranom podniku  |b diplomová práca  |c Katarína Černušáková ; školiteľ: Ivana Ljudvigová 
264 1 |a Bratislava  |c 2019 
300 |a 78 s. 
100 1 |a Černušáková, Katarína 
700 1 |a Ljudvigová, Ivana 
710 2 |a Fakulta podnikového manažmentu EU. Katedra manažmentu